[Event "Hamburg-chT Landesliga 2122"]
[Site "Hamburg"]
[Date "2022.06.19"]
[Round "5.7"]
[White "Knecht, Guntram"]
[Black "Melde, Christian"]
[Result "1-0"]
[WhiteElo "2003"]
[BlackElo "1975"]
[PlyCount "77"]
[EventDate "2021.10.31"]
[EventType "team-tourn"]
[EventRounds "9"]
[EventCountry "GER"]
[SourceTitle "EXT 2024"]
[Source "ChessBase"]
[SourceDate "2023.10.10"]
[SourceVersion "1"]
[SourceVersionDate "2023.10.10"]
[SourceQuality "1"]
[WhiteTeam "St Pauli III"]
[BlackTeam "Hamburg Koenigsspringer II"]
[WhiteTeamCountry "GER"]
[BlackTeamCountry "GER"]

1. e4 c5 2. Nf3 e6 3. d3 g6 4. d4 Bg7 5. dxc5 Qa5+ 6. Bd2 Qxc5 7. Bc3 Nf6 8. Nbd2 Ng4 9. Qe2 Bxc3 10. bxc3 Qxc3 11. Rd1 Nc6 12. Qc4 Qa5 13. Be2 Nge5 14. Nxe5 Nxe5 15. Qb3 Nc6 16. c3 0-0 17. 0-0 d5 18. Bf3 d4 19. cxd4 Nxd4 20. Qb2 e5 21. Nc4 Qb5 22. Qxb5 Nxb5 23. Nxe5 Be6 24. Nd7 Rfd8 25. Nf6+ Kg7 26. Nd5 Rac8 27. a4 Bxd5 28. exd5 Nc3 29. Rd4 Rd6 30. Re1 Kf6 31. Kf1 Rc5 32. Rf4+ Kg7 33. Re7 Nxd5 34. Rfxf7+ Kh6 35. Rxh7+ Kg5 36. h4+ Kf4 37. Re4+ Kf5 38. Rf7+ Nf6 39. g4# 1-0

[Event "Hamburg-chT Landesliga 2122"]
[Site "Hamburg"]
[Date "2021.11.21"]
[Round "2.8"]
[White "Purniel Umpierre, Christian"]
[Black "Melde, Christian"]
[Result "0-1"]
[WhiteElo "2000"]
[BlackElo "1975"]
[PlyCount "112"]
[EventDate "2021.10.31"]
[EventType "team-tourn"]
[EventRounds "9"]
[EventCountry "GER"]
[SourceTitle "EXT 2023"]
[Source "ChessBase"]
[SourceDate "2022.10.05"]
[SourceVersion "1"]
[SourceVersionDate "2022.10.05"]
[SourceQuality "1"]
[WhiteTeam "Weisse Dame"]
[BlackTeam "Hamburg Koenigsspringer II"]
[WhiteTeamCountry "GER"]
[BlackTeamCountry "GER"]

1. d4 d5 2. Nc3 Nf6 3. Bf4 e6 4. e3 Bd6 5. Nf3 0-0 6. Bd3 Bxf4 7. exf4 c5 8. dxc5 Nbd7 9. b4 Qc7 10. Ne2 b6 11. cxb6 axb6 12. a3 Ba6 13. 0-0 Rfc8 14. Nfd4 Nf8 15. g3 Bc4 16. f3 Ra6 17. Qc1 b5 18. Qb2 e5 19. fxe5 Qxe5 20. Bxc4 dxc4 21. c3 Nd5 22. Rfe1 Qh5 23. Rf1 Rf6 24. Qd2 Re8 25. g4 Qh3 26. Ng3 Nf4 27. Rae1 Rxe1 28. Rxe1 Nd3 29. Re8 g6 30. Ne4 Rxf3 31. Nxf3 Qxf3 32. Qg2 Qf4 33. h3 Kg7 34. Qf1 Qe3+ 35. Kh2 Nf4 36. h4 N8e6 37. g5 Qxe4 38. Qf2 Nh5 39. Qd4+ Qxd4 40. cxd4 Nxd4 41. Re4 c3 42. Re3 c2 43. Rc3 Nf4 44. a4 Nd5 45. Rc5 Nxb4 46. axb5 Nxb5 47. Kg2 Na3 48. Kf3 Nd3 49. Rc3 c1Q 50. Rxc1 Nxc1 51. Kg4 h5+ 52. Kf4 Nb3 53. Ke5 Nc5 54. Kd4 Ne6+ 55. Ke5 Nc2 56. Ke4 Ne1 0-1

[Event "GER-ch Net blitz qual4"]
[Site "Playchess.com INT"]
[Date "2021.05.10"]
[Round "5"]
[White "Hunder, Frank"]
[Black "Melde, Christian"]
[Result "0-1"]
[WhiteElo "1619"]
[BlackElo "1805"]
[PlyCount "78"]
[EventDate "2021.05.10"]
[EventType "swiss (blitz)"]
[EventRounds "11"]
[EventCountry "GER"]
[SourceTitle "CBM 202 Extra"]
[Source "ChessBase"]
[SourceDate "2021.07.31"]
[SourceVersion "1"]
[SourceVersionDate "2021.07.31"]
[SourceQuality "1"]

1. e4 d5 2. exd5 Qxd5 3. d4 Nc6 4. Nf3 Bg4 5. c3 0-0-0 6. Be2 Nf6 7. h3 Bh5 8. Be3 Kb8 9. 0-0 Ka8 10. b4 e5 11. b5 Bxf3 12. Bxf3 e4 13. Be2 Na5 14. Nd2 Bd6 15. c4 Qf5 16. c5 Bf4 17. Qa4 b6 18. cxb6 cxb6 19. Nb3 Nb7 20. Rac1 Nd5 21. Bxf4 Qxf4 22. Rc6 Rc8 23. Rfc1 Rxc6 24. bxc6 Nd6 25. c7 Ne7 26. Qa6 Rc8 27. Bg4 f5 28. Be2 g6 29. d5 Qe5 30. Nd2 Qb2 31. Qb7+ Kxb7 32. Rb1 Qxb1+ 33. Nf1 Rxc7 34. Bf3 Qxf1+ 35. Kxf1 exf3 36. gxf3 b5 37. Ke1 Nxd5 38. Kd2 Rc4 39. Kd3 a5 0-1

[Event "GER-ch Net blitz qual4"]
[Site "Playchess.com INT"]
[Date "2021.05.10"]
[Round "9"]
[White "Melde, Christian"]
[Black "Henrich, David"]
[Result "1-0"]
[WhiteElo "1805"]
[BlackElo "1909"]
[PlyCount "189"]
[EventDate "2021.05.10"]
[EventType "swiss (blitz)"]
[EventRounds "11"]
[EventCountry "GER"]
[SourceTitle "CBM 202 Extra"]
[Source "ChessBase"]
[SourceDate "2021.07.31"]
[SourceVersion "1"]
[SourceVersionDate "2021.07.31"]
[SourceQuality "1"]

1. d4 d6 2. Nf3 Nf6 3. Bf4 g6 4. c3 Bg7 5. e3 0-0 6. Nbd2 b6 7. Bd3 Bb7 8. Qc2 Nbd7 9. h4 Re8 10. 0-0-0 e5 11. dxe5 dxe5 12. Bg5 h6 13. Bxf6 Nxf6 14. Bc4 Bd5 15. Nb3 e4 16. Ng5 c6 17. Bxd5 cxd5 18. Nh3 Qc7 19. Nf4 Rad8 20. Rd2 Rd7 21. g4 Red8 22. g5 Ng4 23. Rhd1 Qc4 24. gxh6 Bxh6 25. Rd4 Qc6 26. Nh3 Ne5 27. Ng1 Nd3+ 28. R4xd3 exd3 29. Qxd3 Qf6 30. f4 Qxh4 31. Nf3 Qe7 32. Ne5 Rd6 33. Nd4 Bg7 34. Nec6 Qd7 35. Nxd8 Qxd8 36. Nf3 Qc7 37. Kb1 a5 38. a3 Rd8 39. Qb5 Qe7 40. Qd3 Rd7 41. Ng5 Rd8 42. Nf3 Bf6 43. Rh1 Qe4 44. Qxe4 dxe4 45. Nd4 Bxd4 46. cxd4 f5 47. Rc1 Rd6 48. Rc7 Kf8 49. Kc2 Ke8 50. Kb3 Kd8 51. Rg7 b5 52. a4 bxa4+ 53. Kxa4 Rb6 54. Kxa5 Rxb2 55. Rxg6 Rb3 56. Rg3 Kd7 57. Ka4 Rb8 58. Rg1 Ke6 59. Re1 Kd5 60. Rc1 Kd6 61. Rc5 Ke6 62. Rb5 Rc8 63. Kb3 Rc1 64. Re5+ Kf6 65. Rc5 Re1 66. Rc3 Rd1 67. Kc4 Ke6 68. Kc5 Kd7 69. Kd5 Rd3 70. Kc4 Rd1 71. Rc2 Rd3 72. Rc3 Rd1 73. Ra3 Rc1+ 74. Kd5 Rb1 75. Ke5 Rb5+ 76. Kf6 Kc6 77. Ra6+ Kb7 78. Re6 Rb3 79. Kxf5 Rxe3 80. Rxe4 Rd3 81. Ke5 Kc6 82. f5 Kd7 83. f6 Ke8 84. Rf4 Kf7 85. Kd5 Ra3 86. Ke5 Re3+ 87. Kd6 Re6+ 88. Kc5 Rxf6 89. Rxf6+ Kxf6 90. Kc6 Ke7 91. Kc7 Ke6 92. Kc6 Ke7 93. d5 Kd8 94. Kd6 Kc8 95. Ke7 1-0

[Event "Bayern-chI Bank Hofmann 23rd"]
[Site "Tegernsee"]
[Date "2019.10.31"]
[Round "6"]
[White "Melde, Christian"]
[Black "De Ruijter, Luuk"]
[Result "0-1"]
[WhiteElo "1981"]
[BlackElo "2214"]
[PlyCount "66"]
[EventDate "2019.10.26"]
[EventType "swiss"]
[EventRounds "9"]
[EventCountry "GER"]
[SourceTitle "CBM 192 Extra"]
[Source "Chessbase"]
[SourceDate "2019.11.06"]
[SourceVersion "1"]
[SourceVersionDate "2019.11.06"]
[SourceQuality "1"]

1. Nf3 Nf6 2. d4 e6 3. e3 b6 4. Nbd2 Bb7 5. Bd3 d5 6. 0-0 Nbd7 7. b3 Be7 8. Bb2 0-0 9. Ne5 Nxe5 10. dxe5 Nd7 11. f4 Nc5 12. Qh5 Nxd3 13. cxd3 Ba6 14. Qe2 Qd7 15. Rf3 f5 16. Rh3 g6 17. Nf3 c5 18. Kh1 Rac8 19. Rd1 Qb5 20. Qf2 Rcd8 21. Qg3 Qa5 22. Rh6 Rf7 23. Ng5 Bxg5 24. Qxg5 Re8 25. h4 Rg7 26. h5 gxh5 27. Qxh5 Ree7 28. Qh4 Qxa2 29. Rd2 Bb5 30. g4 Rxg4 31. Rg2 Qb1+ 32. Kh2 Rxg2+ 33. Kxg2 Rg7+ 0-1

[Event "Liechtenstein op 32nd"]
[Site "Triesen"]
[Date "2014.05.24"]
[Round "2"]
[White "Melde, Christian"]
[Black "Grabher, Heinz"]
[Result "1/2-1/2"]
[WhiteElo "2035"]
[BlackElo "2251"]
[PlyCount "93"]
[EventDate "2014.05.23"]
[EventType "swiss"]
[EventRounds "9"]
[EventCountry "LIE"]
[SourceTitle "CBM 160 Extra"]
[Source "ChessBase"]
[SourceDate "2014.07.01"]
[SourceVersion "1"]
[SourceVersionDate "2014.07.01"]
[SourceQuality "1"]

1. Nf3 Nc6 2. d4 d5 3. e3 Bg4 4. c4 e6 5. cxd5 exd5 6. Qb3 Bb4+ 7. Nc3 Nge7 8. Bd2 0-0 9. Bd3 a6 10. Qc2 g6 11. h3 Bxf3 12. gxf3 f5 13. f4 Qd6 14. h4 Bxc3 15. bxc3 h5 16. Rg1 Qf6 17. Rg5 Nd8 18. 0-0-0 Nf7 19. Rg2 Nd6 20. Rdg1 b5 21. Qd1 Kh7 22. Be2 Nf7 23. Kc2 Rg8 24. Bc1 Nh6 25. Ba3 Nc6 26. Bc5 Qxh4 27. Rh1 Qf6 28. Bf3 Qe6 29. Rg5 Na5 30. Rh2 Nc4 31. Qh1 c6 32. Rhg2 a5 33. Rg1 b4 34. Ra1 bxc3 35. Kxc3 Rab8 36. Rb1 Rxb1 37. Qxb1 Qc8 38. Be2 Ng4 39. Bxc4 dxc4 40. Kxc4 Qa6+ 41. Kc3 Nxf2 42. Rxf5 gxf5 43. Qxf5+ Kg7 44. Qg5+ Kf7 45. Qf5+ Kg7 46. Qg5+ Kf7 47. Qf5+ 1/2-1/2

[Event "Bayern-chI Bank Hofmann 17th"]
[Site "Bad Wiessee"]
[Date "2013.10.26"]
[Round "1"]
[White "Melde, Christian"]
[Black "Prusikin, Michael"]
[Result "0-1"]
[WhiteElo "2024"]
[BlackElo "2546"]
[PlyCount "26"]
[EventDate "2013.10.26"]
[EventType "swiss"]
[EventRounds "9"]
[EventCountry "GER"]
[SourceTitle "EXT 2014"]
[Source "ChessBase"]
[SourceDate "2013.11.20"]
[SourceVersion "1"]
[SourceVersionDate "2013.11.20"]
[SourceQuality "1"]

1. c4 e5 2. Nc3 Nc6 3. Nf3 f5 4. d4 e4 5. Bg5 Be7 6. Bxe7 Qxe7 7. Ng1 Nf6 8. e3 0-0 9. h4 f4 10. d5 fxe3 11. fxe3 Ne5 12. d6 cxd6 13. Nxe4 Nxe4 0-1

[Event "Liechtenstein op 30th"]
[Site "Triesen"]
[Date "2012.05.17"]
[Round "7"]
[White "Borsos, Bogdan"]
[Black "Melde, Christian"]
[Result "1-0"]
[WhiteElo "2271"]
[BlackElo "2060"]
[PlyCount "39"]
[EventDate "2012.05.11"]
[EventType "swiss"]
[EventRounds "9"]
[EventCountry "LIE"]
[SourceTitle "CBM 148 Extra"]
[Source "ChessBase"]
[SourceDate "2012.06.22"]
[SourceVersion "1"]
[SourceVersionDate "2012.06.22"]
[SourceQuality "1"]

1. e4 g6 2. d4 Bg7 3. Nc3 d6 4. g3 b6 5. Bg2 Bb7 6. Nge2 e6 7. d5 e5 8. 0-0 Ne7 9. f4 Nd7 10. a4 0-0 11. f5 Nf6 12. h3 c6 13. g4 gxf5 14. exf5 Nfxd5 15. Ne4 Nc8 16. f6 Nxf6 17. Bg5 d5 18. Nxf6+ Kh8 19. Qd3 e4 20. Bxe4 1-0

[Event "Liechtenstein op 30th"]
[Site "Triesen"]
[Date "2012.05.13"]
[Round "3"]
[White "Melde, Christian"]
[Black "Vucic, Mladen"]
[Result "0-1"]
[WhiteElo "2060"]
[BlackElo "2336"]
[PlyCount "70"]
[EventDate "2012.05.11"]
[EventType "swiss"]
[EventRounds "9"]
[EventCountry "LIE"]
[SourceTitle "CBM 148 Extra"]
[Source "ChessBase"]
[SourceDate "2012.06.22"]
[SourceVersion "1"]
[SourceVersionDate "2012.06.22"]
[SourceQuality "1"]

1. d4 Nf6 2. Nf3 g6 3. c4 c5 4. e3 Bg7 5. Nc3 0-0 6. Be2 cxd4 7. exd4 d5 8. h3 Nc6 9. 0-0 dxc4 10. Bxc4 Na5 11. Be2 Be6 12. Ne5 Rc8 13. Bf3 Nd5 14. Ne4 h6 15. Re1 b6 16. Ng3 Qd6 17. Qe2 Nc6 18. Nxc6 Rxc6 19. Be4 Rfc8 20. Bd2 Bxd4 21. Qd3 Bg7 22. Rad1 Nf6 23. Bc3 Qxd3 24. Bxd3 Ne8 25. Bb4 Bxb2 26. Be4 Rc1 27. Bxe7 Rxd1 28. Rxd1 Rc1 29. Rxc1 Bxc1 30. Bc6 Nc7 31. Ne4 Bxa2 32. Bd6 Ne6 33. Nf6+ Kh8 34. Be5 Bf4 35. Bb2 Bg5 0-1

[Event "GER MS-122 email"]
[Site "GER email"]
[Date "2011.02.11"]
[Round "?"]
[White "Preusse, Goetz"]
[Black "Melde, Christian"]
[Result "1/2-1/2"]
[WhiteElo "1918"]
[BlackElo "2020"]
[PlyCount "65"]
[EventDate "2011.02.18"]
[EventType "tourn (corr)"]
[EventRounds "6"]
[EventCountry "GER"]
[SourceTitle "Corr 2015"]
[Source "ChessBase"]
[SourceDate "2015.07.17"]
[SourceVersion "1"]
[SourceVersionDate "2015.07.17"]
[SourceQuality "1"]
[WhiteTeam "Germany"]
[BlackTeam "Latvia"]
[WhiteTeamCountry "GER"]
[BlackTeamCountry "LAT"]

1. e4 c5 2. Nf3 e6 3. d4 cxd4 4. Nxd4 a6 5. Nc3 b5 6. Bd3 Bb7 7. 0-0 Nc6 8. Nxc6 Bxc6 9. Re1 Bc5 10. Qh5 d6 11. e5 g6 12. Qe2 dxe5 13. a4 b4 14. Ne4 Be7 15. Bxa6 Qa5 16. Bd3 Nf6 17. Nxf6+ Bxf6 18. Bh6 Ke7 19. Qe3 Rac8 20. Rad1 Rhd8 21. b3 Rd4 22. f3 Rcd8 23. Rf1 R8d7 24. Rd2 Qd8 25. Qf2 g5 26. h3 Ke8 27. Qe3 R7d5 28. Rfd1 Rh4 29. Bb5 Bxb5 30. Rxd5 exd5 31. Bxg5 Bxg5 32. Qxe5+ Be7 33. Qh8+ 1/2-1/2

[Event "Bayern-chI Bank Hofmann 14th"]
[Site "Bad Wiessee"]
[Date "2010.10.31"]
[Round "3"]
[White "Fedorovsky, Michael"]
[Black "Melde, Christian"]
[Result "1-0"]
[WhiteElo "2411"]
[BlackElo "2075"]
[PlyCount "39"]
[EventDate "2010.10.30"]
[EventType "swiss"]
[EventRounds "9"]
[EventCountry "GER"]
[SourceTitle "EXT 2011"]
[Source "ChessBase"]
[SourceDate "2010.11.26"]
[SourceVersion "1"]
[SourceVersionDate "2010.11.26"]
[SourceQuality "1"]

1. d4 c5 2. d5 Nf6 3. Nc3 e6 4. e4 d6 5. Nf3 Be7 6. Bb5+ Bd7 7. dxe6 fxe6 8. e5 dxe5 9. Nxe5 0-0 10. Nxd7 Nfxd7 11. 0-0 Nc6 12. Bxc6 bxc6 13. Re1 Qe8 14. Qg4 e5 15. Be3 Rf6 16. Rad1 Rd8 17. Qa4 Ra8 18. Ne4 Rg6 19. Qc4+ Kh8 20. Bxc5 1-0

[Event "GER MS-025 email"]
[Site "GER email"]
[Date "2006.10.23"]
[Round "?"]
[White "Melde, Christian"]
[Black "Schild, Reinhard"]
[Result "1/2-1/2"]
[WhiteElo "2006"]
[BlackElo "1873"]
[PlyCount "69"]
[EventDate "2006.??.??"]
[EventType "tourn (corr)"]
[EventRounds "6"]
[EventCountry "GER"]
[SourceTitle "Corr 2008"]
[Source "ChessBase"]
[SourceDate "2008.06.24"]
[SourceVersion "1"]
[SourceVersionDate "2008.06.24"]
[SourceQuality "1"]

1. c4 e6 2. Nf3 d5 3. e3 Nf6 4. b3 Be7 5. Bb2 0-0 6. Nc3 c5 7. cxd5 exd5 8. d4 Nc6 9. Be2 Ne4 10. dxc5 Bf6 11. Nd4 Nxc5 12. Nxc6 bxc6 13. 0-0 Bf5 14. Rc1 Re8 15. Ba3 Nd7 16. Na4 Re6 17. Bd3 Bxd3 18. Qxd3 Qa5 19. Rc2 Rd8 20. Qd2 Qc7 21. Nc5 Nxc5 22. Bxc5 Be5 23. f4 Bd6 24. Bd4 a5 25. Qc3 Bb4 26. Qb2 f5 27. a3 Bf8 28. b4 axb4 29. axb4 Qb7 30. Rc3 g6 31. Qc2 Bxb4 32. Rb1 Qb5 33. Bc5 Re4 34. Bd4 Re6 35. Bc5 1/2-1/2

[Event "Liechtenstein op 24th"]
[Site "Triesen"]
[Date "2006.05.20"]
[Round "2"]
[White "Fierz, Martin"]
[Black "Melde, Christian"]
[Result "1-0"]
[WhiteElo "2319"]
[BlackElo "2089"]
[PlyCount "51"]
[EventDate "2006.05.19"]
[EventType "swiss"]
[EventRounds "9"]
[EventCountry "LIE"]
[SourceTitle "CBM 112 Extra"]
[Source "ChessBase"]
[SourceDate "2006.07.14"]
[SourceVersion "1"]
[SourceVersionDate "2006.07.14"]
[SourceQuality "1"]

1. c4 c5 2. g3 Nf6 3. Bg2 d5 4. cxd5 Nxd5 5. Nc3 Nc7 6. Nf3 Nc6 7. 0-0 e5 8. Ne1 Bd7 9. Nd3 c4 10. Bxc6 cxd3 11. Bxb7 Rb8 12. Bg2 dxe2 13. Qxe2 Be7 14. Qxe5 0-0 15. d4 Bf6 16. Qe3 Re8 17. Qd3 Rb4 18. d5 Bc8 19. Rd1 Ba6 20. Qc2 Qb8 21. d6 Ne6 22. Nd5 Nd4 23. Nxf6+ gxf6 24. Qc7 Rd8 25. Be3 Ne2+ 26. Kh1 1-0

[Event "Hamburg Junge op"]
[Site "Hamburg"]
[Date "2005.10.07"]
[Round "5"]
[White "Melde, Christian"]
[Black "Wagner, Ralf"]
[Result "0-1"]
[WhiteElo "2116"]
[BlackElo "2066"]
[PlyCount "98"]
[EventDate "2005.10.01"]
[EventType "swiss"]
[EventRounds "9"]
[EventCountry "GER"]
[SourceTitle "CBM 108 Extra"]
[Source "ChessBase"]
[SourceDate "2005.11.04"]
[SourceVersion "1"]
[SourceVersionDate "2005.11.04"]
[SourceQuality "1"]

1. c4 e5 2. Nc3 Nc6 3. Nf3 g6 4. d4 exd4 5. Nd5 Bg7 6. Bg5 f6 7. Bf4 d6 8. Nxd4 a6 9. e3 Nge7 10. Be2 0-0 11. 0-0 Nxd4 12. Qxd4 Nc6 13. Qd2 Be6 14. Rfd1 Rf7 15. c5 Ne5 16. cxd6 Qxd6 17. Rac1 Kh8 18. e4 c6 19. Nb6 Qxd2 20. Rxd2 Raf8 21. Nc4 Nxc4 22. Bxc4 Bxc4 23. Rxc4 Re8 24. Be3 Kg8 25. f3 f5 26. Bb6 fxe4 27. Rxe4 Rxe4 28. fxe4 Be5 29. b4 Kg7 30. Bc5 Kf6 31. Rf2+ Ke6 32. Rxf7 Kxf7 33. Kf2 Ke6 34. a4 b5 35. a5 Bd6 36. Bxd6 Kxd6 37. Ke3 c5 38. bxc5+ Kxc5 39. Kd3 Kb4 40. e5 Kc5 41. Ke4 b4 42. e6 Kd6 43. Kd4 Kxe6 44. Kc4 b3 45. Kxb3 Kd5 46. Kb4 Kd4 47. g3 h5 48. h3 g5 49. g4 h4 0-1

[Event "Liechtenstein op 22nd"]
[Site "Triesen"]
[Date "2004.05.21"]
[Round "8"]
[White "Odermatt, Klaus"]
[Black "Melde, Christian"]
[Result "1/2-1/2"]
[WhiteElo "1876"]
[BlackElo "2126"]
[PlyCount "129"]
[EventDate "2004.05.14"]
[EventType "swiss"]
[EventRounds "9"]
[EventCountry "LIE"]
[SourceTitle "CBM 100 Extra"]
[Source "ChessBase"]
[SourceDate "2004.07.06"]
[SourceVersion "2"]
[SourceVersionDate "2004.07.06"]
[SourceQuality "1"]

1. d4 g6 2. e4 Bg7 3. Nf3 d6 4. h3 Nf6 5. Nc3 c6 6. a4 0-0 7. Be2 Nbd7 8. 0-0 e5 9. dxe5 dxe5 10. Be3 Qe7 11. Nd2 Nc5 12. f3 Ne6 13. Bc4 Nh5 14. Bxe6 Bxe6 15. Ne2 Rfd8 16. Qc1 Rd7 17. Re1 Rad8 18. Nf1 b6 19. Kh2 Qd6 20. Nfg3 Nxg3 21. Kxg3 Qe7 22. Nc3 Bf6 23. Rd1 Bh4+ 24. Kh2 Rxd1 25. Nxd1 f5 26. g3 Bf6 27. Nf2 Qb4 28. Nd3 Qd6 29. Qe1 Qd7 30. Nf2 Qe7 31. Rd1 Rd7 32. Rxd7 Qxd7 33. Qd1 Kf7 34. Qxd7+ Bxd7 35. a5 Bd8 36. axb6 axb6 37. h4 Ke6 38. Kg1 Kd6 39. Kf1 c5 40. Ke1 f4 41. gxf4 Bxh4 42. fxe5+ Kxe5 43. f4+ Kd6 44. Ke2 Bd8 45. c3 Kc6 46. c4 b5 47. b3 h5 48. Nd3 bxc4 49. bxc4 Be6 50. Ne5+ Kd6 51. Kd3 g5 52. Ke2 Bf6 53. Nd3 gxf4 54. Bxf4+ Kc6 55. Ne5+ Bxe5 56. Bxe5 Bxc4+ 57. Kf3 Bd3 58. Ke3 Bc2 59. Bf6 Bb3 60. Kf4 Kd6 61. Kg5 Ke6 62. Bc3 Bd1 63. Ba1 c4 64. Bh8 Bg4 65. Bd4 1/2-1/2

[Event "Liechtenstein op 22nd"]
[Site "Triesen"]
[Date "2004.05.15"]
[Round "2"]
[White "Kuehn, Peter"]
[Black "Melde, Christian"]
[Result "1-0"]
[WhiteElo "2336"]
[BlackElo "2126"]
[PlyCount "55"]
[EventDate "2004.05.14"]
[EventType "swiss"]
[EventRounds "9"]
[EventCountry "LIE"]
[SourceTitle "CBM 100 Extra"]
[Source "ChessBase"]
[SourceDate "2004.07.06"]
[SourceVersion "2"]
[SourceVersionDate "2004.07.06"]
[SourceQuality "1"]

1. e4 g6 2. d4 Bg7 3. Nf3 d6 4. c3 Nf6 5. Qc2 0-0 6. Bg5 c5 7. dxc5 Nbd7 8. cxd6 exd6 9. Nbd2 Re8 10. 0-0-0 Nc5 11. Bb5 Re7 12. Rhe1 a6 13. Bc4 Qe8 14. Nd4 b5 15. Bxf6 Bxf6 16. Bd5 Bb7 17. Bxb7 Nxb7 18. N4f3 Nc5 19. Kb1 Rc8 20. Re3 Na4 21. e5 dxe5 22. Ne4 Re6 23. Nd6 Qc6 24. Nxc8 Qxc8 25. Qe4 a5 26. Qd5 Rb6 27. Nxe5 Qf5+ 28. Ka1 1-0

[Event "Wichern op 6th"]
[Site "Hamburg"]
[Date "2001.10.18"]
[Round "6.44"]
[White "Melde, Christian"]
[Black "Kraft, Gerhard"]
[Result "1-0"]
[WhiteElo "2141"]
[BlackElo "1869"]
[PlyCount "73"]
[EventDate "2001.10.21"]
[EventType "swiss"]
[EventRounds "9"]
[EventCountry "GER"]
[SourceTitle "EXT 2002"]
[Source "ChessBase"]
[SourceDate "2001.11.25"]
[SourceVersion "1"]
[SourceVersionDate "2001.11.25"]
[SourceQuality "1"]

1. c4 Nf6 2. Nc3 e6 3. e4 Bb4 4. e5 Bxc3 5. dxc3 Ne4 6. Qg4 d5 7. Qxg7 Kd7 8. Bd3 Qg8 9. Qxg8 Rxg8 10. Bf4 h5 11. Nf3 Rg4 12. g3 Nc5 13. 0-0-0 Nxd3+ 14. Rxd3 c6 15. Ng5 Ke8 16. cxd5 exd5 17. h3 Bf5 18. Re3 Rxg5 19. Bxg5 Na6 20. g4 Bg6 21. f4 Be4 22. Rd1 hxg4 23. hxg4 Nc5 24. Bf6 a5 25. f5 a4 26. Rh3 Kd7 27. Rh7 Rf8 28. e6+ Nxe6 29. fxe6+ Kxe6 30. Rh8 Rxh8 31. Bxh8 Bf3 32. Re1+ Kd6 33. g5 Be4 34. Rf1 Bg6 35. Rf4 b5 36. b4 Kd7 37. Kd2 1-0

[Event "Wichern op 5th"]
[Site "Hamburg"]
[Date "1999.10.22"]
[Round "9.93"]
[White "Steinbrenner, Juerg"]
[Black "Melde, Christian"]
[Result "1-0"]
[WhiteElo "1902"]
[BlackElo "2160"]
[PlyCount "55"]
[EventDate "1999.10.15"]
[EventType "swiss"]
[EventRounds "9"]
[EventCountry "GER"]
[SourceTitle "EXT 2001"]
[Source "ChessBase"]
[SourceDate "2000.11.22"]
[SourceVersion "1"]
[SourceVersionDate "2000.11.22"]
[SourceQuality "1"]

1. d4 g6 2. e4 Bg7 3. Be3 c5 4. c3 Nf6 5. Bd3 cxd4 6. cxd4 d6 7. h3 Nc6 8. Nf3 0-0 9. 0-0 Nb4 10. Nc3 Nxd3 11. Qxd3 Qa5 12. Qd2 Qh5 13. Rac1 Be6 14. b3 h6 15. Nh2 Rfc8 16. d5 Bd7 17. f4 b5 18. Qd3 b4 19. Na4 Bxa4 20. bxa4 Rc3 21. Rxc3 bxc3 22. g4 Qxh3 23. Rf3 Qxf3 24. Nxf3 Nxg4 25. Nd4 Rb8 26. Qxc3 Rb1+ 27. Kg2 Rd1 28. Qc8+ 1-0

[Event "Wichern op 5th"]
[Site "Hamburg"]
[Date "1999.10.17"]
[Round "3.86"]
[White "Kurth, Michael"]
[Black "Melde, Christian"]
[Result "1-0"]
[WhiteElo "1975"]
[BlackElo "2160"]
[PlyCount "93"]
[EventDate "1999.10.15"]
[EventType "swiss"]
[EventRounds "9"]
[EventCountry "GER"]
[SourceTitle "EXT 2001"]
[Source "ChessBase"]
[SourceDate "2000.11.22"]
[SourceVersion "1"]
[SourceVersionDate "2000.11.22"]
[SourceQuality "1"]

1. e4 g6 2. d4 d6 3. Nf3 Bg7 4. Bc4 c6 5. 0-0 b5 6. Bb3 Nf6 7. Nbd2 0-0 8. a4 Qc7 9. Qe2 a5 10. Rd1 Ba6 11. Qe1 e5 12. dxe5 dxe5 13. Nf1 b4 14. Ng3 Nbd7 15. Be3 c5 16. Bd5 Nxd5 17. Rxd5 Bb7 18. Rd2 c4 19. Rad1 Bc6 20. b3 Rfd8 21. h4 Nf8 22. Bc5 c3 23. Rd3 Rxd3 24. Rxd3 Rd8 25. Qd1 Rxd3 26. Qxd3 Qd7 27. Qd6 Qxd6 28. Bxd6 f6 29. Bc7 Ne6 30. Bxa5 Bf8 31. Ne1 Nd4 32. f3 Bb7 33. Bb6 Ba6 34. Kf2 Bh6 35. Nf1 f5 36. exf5 Bd2 37. Ne3 gxf5 38. Bxd4 exd4 39. Nxf5 d3 40. cxd3 Bxe1+ 41. Kxe1 Bxd3 42. Nd4 Kf7 43. Kd1 Kf6 44. Nc2 Bf1 45. g3 Bg2 46. Ke2 Ke5 47. Nxb4 1-0

[Event "Wichern op 5th"]
[Site "Hamburg"]
[Date "1999.10.17"]
[Round "4.99"]
[White "Melde, Christian"]
[Black "Lilleoren, Morten"]
[Result "1-0"]
[WhiteElo "2160"]
[BlackElo "1857"]
[PlyCount "115"]
[EventDate "1999.10.15"]
[EventType "swiss"]
[EventRounds "9"]
[EventCountry "GER"]
[SourceTitle "EXT 2001"]
[Source "ChessBase"]
[SourceDate "2000.11.22"]
[SourceVersion "1"]
[SourceVersionDate "2000.11.22"]
[SourceQuality "1"]

1. c4 f5 2. Nf3 Nf6 3. g3 g6 4. Bg2 Bg7 5. 0-0 0-0 6. Nc3 d6 7. d3 e5 8. e4 f4 9. gxf4 exf4 10. Bxf4 Nxe4 11. dxe4 Rxf4 12. e5 Nc6 13. exd6 Qxd6 14. Re1 Bg4 15. Qxd6 cxd6 16. Ng5 Raf8 17. Bd5+ Kh8 18. Re4 Bd4 19. Rf1 Ne5 20. Be6 Rxf2 21. Rxf2 Bxf2+ 22. Kg2 Bxe6 23. Nxe6 Rf6 24. Nd8 Bb6 25. Nxb7 Rf2+ 26. Kg3 Rxb2 27. Nxd6 Bf2+ 28. Kh3 Nf3 29. Re8+ Kg7 30. Re7+ Kh6 31. Nd1 Bh4 32. Rxh7+ Kxh7 33. Nxb2 Bf6 34. Nd3 Nd4 35. Ne4 Bd8 36. Kg4 Kg7 37. h3 Bc7 38. Nb4 a5 39. Nd5 Bd8 40. Nd6 Nc6 41. Nb7 Kf7 42. Nxd8+ Nxd8 43. Kf4 Nc6 44. Ke4 Ke6 45. c5 g5 46. a3 Na7 47. Nc3 Nc6 48. Nb5 Ne7 49. Nd4+ Kd7 50. c6+ Kc7 51. Ke5 Nc8 52. Kf6 Nd6 53. Kxg5 Nc4 54. h4 Nxa3 55. h5 Nc4 56. h6 Nd6 57. h7 a4 58. Kg6 1-0